The firm in society

Zapisane w:
Opis bibliograficzny
1. autor: Donnelly, Graham
Format: Książka
Język:Undetermined
Wydane: London Longman 1981
Hasła przedmiotowe:
Etykiety: Dodaj etykietę
Nie ma etykietki, Dołącz pierwszą etykiete!
Thư viện lưu trữ: Trung tâm Học liệu Trường Đại học Cần Thơ
LEADER 00448nam a2200169Ia 4500
001 CTU_78123
008 210402s9999 xx 000 0 und d
082 |a 306.3 
082 |b D685 
100 |a Donnelly, Graham 
245 4 |a The firm in society 
245 0 |c Graham Donnelly 
260 |a London 
260 |b Longman 
260 |c 1981 
650 |a Business enterprises,Microeconomics 
980 |a Trung tâm Học liệu Trường Đại học Cần Thơ